Field guide to the birds of the Middle East
Αποθηκεύτηκε σε:
| Κύριος συγγραφέας: | |
|---|---|
| Άλλοι συγγραφείς: | , |
| Μορφή: | Βιβλίο |
| Γλώσσα: | English |
| Δημοσίευση: |
London :
T & A D Poyser,
c1996
|
| Θέματα: | |
| Ετικέτες: |
Προσθήκη ετικέτας
Δεν υπάρχουν, Καταχωρήστε ετικέτα πρώτοι!
|
MARC
| LEADER | 00000nam a2200000 i 4500 | ||
|---|---|---|---|
| 001 | 1/68668 | ||
| 008 | 981026s1996 eng d | ||
| 020 | |a 0856610763 | ||
| 035 | |l 10030242 | ||
| 040 | |a GR-MY-UA |b gre |e aacr | ||
| 041 | 0 | |a eng | |
| 082 | 0 | |a 598.0956 | |
| 100 | 1 | |a Porter, R. F. | |
| 245 | 1 | 0 | |a Field guide to the birds of the Middle East / |c R. F. Porter, S. Christensen, P. Schiermacker-Hansen |
| 260 | |a London : |b T & A D Poyser, |c c1996 | ||
| 300 | |a 460 p. |b ill. | ||
| 500 | |a Illustrated by A. Birch, J. Gale, M. Langman, B. Small | ||
| 650 | 0 | 0 | |a Birds |z Middle East |x Identification. |
| 700 | 1 | |a Christensen, S. |q (Steen) | |
| 700 | 1 | |a Schiermacker-Hansen, P. | |
| 852 | |a INST |b LESVOS |e 19981026 |h 598.0956 POR |p 005100019536 |q 005100019536 |t BK |y 0 | ||
| 901 | |a BIBL1-1999-3 | ||
| 909 | |a Λ |b 059504 | ||
| 922 | |a 1ΕΛΗ |b 199809 |c ΚΠΣ/ΤΠ |d ΠΑΠΑΣΩΤΗΡΙΟΥ | ||
| 950 | |a 107-1998-07-08 | ||
| 970 | |z 1999/09/14 |a ΤΖΑΦΕΡΗ |b ΕΥΑΓΓΕΛΙΑ | ||